Southville International School and Colleges
Your cart is empty.
  • Cart
  • Lists
    Public lists Eva Luna New books Lux_list list_1
    Your lists Log in to create your own lists
  • Log in to your account
  • Your cookies
  • Search history
Southville International School and Colleges
  • Advanced search
  • Recent comments
  • Most popular
  • Libraries

Log in to your account

Log in with GOOGLE


If you do not have an external account, but do have a local account, you can still log in:

  1. Home
  2. MARC view: Clifford and the big ice cream mess /
Normal view MARC view ISBD view

Clifford and the big ice cream mess / (Record no. 113396)

[ view plain ]
MARC details
000 -LEADER
fixed length control field 00593nam a2200193 a 4500
001 - CONTROL NUMBER
control field 2977
005 - DATE AND TIME OF LATEST TRANSACTION
control field 20140414132017.0
008 - FIXED-LENGTH DATA ELEMENTS--GENERAL INFORMATION
fixed length control field 051130s19uu xx 00 eng d
020 ## - INTERNATIONAL STANDARD BOOK NUMBER
International Standard Book Number 0-439-38888-0
050 ## - LIBRARY OF CONGRESS CALL NUMBER
Classification number TR
Item number C61B 2002
100 ## - MAIN ENTRY--PERSONAL NAME
Personal name Page, Josephine
245 ## - TITLE STATEMENT
Title Clifford and the big ice cream mess /
Statement of responsibility, etc adapted by Josephine Page ; illustrated by Carolyn Bracken and Steve Haefele.
260 ## - PUBLICATION, DISTRIBUTION, ETC. (IMPRINT)
Place of publication, distribution, etc New York :
Name of publisher, distributor, etc Scholastic,
Date of publication, distribution, etc 2002.
300 ## - PHYSICAL DESCRIPTION
Extent 1 v. p. : ill. ; cm.
440 ## - SERIES STATEMENT/ADDED ENTRY--TITLE
Title Clifford the big red dog
650 ## - SUBJECT ADDED ENTRY--TOPICAL TERM
Topical term or geographic name as entry element Mess
General subdivision Fiction.
650 ## - SUBJECT ADDED ENTRY--TOPICAL TERM
Topical term or geographic name as entry element Children stories.
Holdings
Withdrawn status Lost status Damaged status Use restrictions Home library Current library Shelving location Date acquired Source of acquisition Cost, normal purchase price Total Checkouts Full call number Barcode Date last seen Price effective from Koha item type
        Munich Library Munich Library Teachers Reference Section 11/30/2005   120.00   TR C61B 2002 M4959 04/14/2014 04/14/2014 Books

Clifford and the big ice cream mess /

APA

Page J., . (2002). Clifford and the big ice cream mess. New York: Scholastic.

Chicago

Page Josephine, . 2002. Clifford and the big ice cream mess. New York: Scholastic.

Harvard

Page J., . (2002). Clifford and the big ice cream mess. New York: Scholastic.

MLA

Page Josephine, . Clifford and the big ice cream mess. New York: Scholastic. 2002.

  • Place hold
  • Print
  • Cite
  • Add to your cart (remove)
  • Save record
    BIBTEX Dublin Core MARCXML MARC (non-Unicode/MARC-8) MARC (Unicode/UTF-8) MARC (Unicode/UTF-8, Standard) MODS (XML) RIS
  • More searches
    Search for this title in:
    Other Libraries (WorldCat) Other Databases (Google Scholar) Online Stores (Bookfinder.com) Open Library (openlibrary.org)

Exporting to Dublin Core...

SOUTHVILLE LIBRARY

Southville International School and Colleges Library

1281 Tropical Ave. Cor. Luxembourg St., BF Homes International, Las Pinas City

Tel. No. 8256374 / 252358 Loc. 117/146

Powered by Koha